Statistics for Lyrics: Steal My Girl - One Direction

Click here to take the quiz!

General Stats

  • This quiz has been taken 101 times
    (91 since last reset)
  • The average score is 268 of 309

Answer Stats

Answer% Correct
every
99%
girl
99%
me
99%
my
99%
She
99%
she
99%
steal
99%
When
99%
away
97%
her
97%
Her
97%
take
97%
the
97%
The
97%
Everybody
96%
everybody
96%
I
96%
to
96%
world
96%
want
95%
one
92%
belongs
90%
'cause
90%
heart
90%
in
90%
wanna
90%
whole
90%
same
89%
so
89%
alright
88%
Alright
88%
Couple
88%
know
88%
love
88%
we
88%
We
88%
for
86%
sixteen
86%
billion
85%
dad
85%
is
85%
son
85%
things
85%
were
85%
another
84%
calls
84%
dream
84%
queen
84%
she's
84%
She's
84%
been
82%
Find
82%
Since
82%
wide
82%
dreams
81%
sure
81%
got
79%
all
78%
mum
78%
it
75%
na na
74%
Na na
74%
jeans
70%
That
68%
those
67%
And
66%
doesn't
66%
If
66%
don't
64%
have
64%
But
63%
knows
62%
shine
62%
exist
60%
never
60%
sun
60%
turn
60%
before
59%
down
59%
like
59%
let
58%
from
56%
mean
56%
now
56%
walk
55%
drop
52%
jaw
51%
Kisses
51%
gonna
48%
cream
45%
I'm
44%

Score Distribution

Percentile by Number Answered

Percent of People with Each Score

Your Score History

You have not taken this quiz since the last reset